| 000 | 00424pab a2200145 454500 | ||
|---|---|---|---|
| 008 | 180718b xxu||||| |||| 00| 0 eng d | ||
| 100 | _aTandon, Usha | ||
| 245 | _aLaw relating to marraige age of female and the population control | ||
| 650 | _a Population | ||
| 650 | _a Marriage And Divorce | ||
| 650 | _a Female | ||
| 650 | _aBirth Control | ||
| 773 | _aJournal of constitutional and parliamentary studies | ||
| 909 | _a23560 | ||
| 999 |
_c23560 _d23560 |
||